| 000 | 03282nam a2200361 i 4500 | ||
|---|---|---|---|
| 003 | DO-SdBNP | ||
| 005 | 20250718113111.0 | ||
| 007 | ta | ||
| 008 | 250717b2014 dr c|||| |||| 00| 0 spa d | ||
| 020 | _z9789945583700 | ||
| 040 |
_aDO-SdBNP _bspa _cBNPHU _erda |
||
| 041 | _aspa | ||
| 082 | 4 |
_a923.27293 _bD812G 2014 _222 |
|
| 100 | 1 |
_aGrimaldi Silié, Eleanor, _d1948- _eautor _4aut. _985713 |
|
| 245 | 1 | 0 |
_aDuarte, Sánchez y Mella : _bvistos por una educadora / _cEleanor Grimaldi Silié ; prólogo, Mariano Lebrón Saviñón. |
| 250 | _aPrimera edición | ||
| 264 | 4 |
_aSanto Domingo, República Dominicana : _bEditorial Santuario, _c©2014. |
|
| 300 |
_a110 páginas : _bretratos ; _c23 cm. |
||
| 336 |
_atexto _btxt _2rdacontent |
||
| 337 |
_asin mediación _bn _2rdamedia |
||
| 338 |
_avolumen _bnc _2rdacarrier |
||
| 500 | _aIncluye datos biográficos del autor en las solapas | ||
| 504 | _aBibliografía: páginas 109-110 | ||
| 505 | 0 |
_aPresentación -- _tPrólogo -- _gJuan Pablo Duarte -- _tInfancia de Duarte -- _tAdolescencia -- _tPasos que dió para lograr la liberación de la Patria -- _tDuarte y la reforma -- _tRegreso de Duarte -- _tDuarte sale deportado -- _tReflexiones sobre algunas cualidades de Juan Pablo Duarte -- _tVocación de maestro -- _tCapacidad de liderazgo -- _tSu vocación religiosa -- _tEl patriotismo de Duarte -- _tDuarte y su amor a los libros -- _tNacionalismo de Duarte -- _tCartas y otros escritos de Duarte -- _tAlgunos pensamientos de Duarte -- _tHimno a Juan Pablo Duarte -- _tPoemas de Duarte -- _tPoesía a Duarte -- _tA Duarte -- _gFrancisco del Rosario Sánchez -- _tFrancisco del Rosario Sánchez -- _tSánchez y el movimiento La Reforma -- _tPlanes del protectorado -- _tContinuación de las labores patrióticas -- _tLos Trinitarios y su alianza con los conservadores afrancesados -- _tLos Trinitarios hacia la proclamación de la independencia -- _tSánchez y la proclamación de independencia -- _tLos conservadores continuán en sus planes de protectorado -- _tRegreso de Duarte -- _tExpulsión de los Trinitarios -- _tFacetas de la vida de Francisco del Rosario Sánchez -- _tInfancia y adolescencia -- _tSánchez y algunas decepciones de su vida -- _tSu vida familiar -- _tSánchez y su liderazgo -- _tEjemplo que legó Sánchez a los dominicanos -- _tOpiniones sobre Sánchez -- _tHimno a Francisco del Rosario Sánchez -- _tPoema a Sánchez -- _tPoesía de un autor anónimo -- _gRamón Matías Mella -- _tRamón Matías Mella -- _tLa noche del 27 de febrero. El trabucazo -- _tMella proclama a Duarte -- _tGolpe de Estado de Santana. Destino de Mella -- _tMella y la Revolución del 1857 -- _tMella y la anexión de 1861 -- _tFacetas de la vida de Mella -- _tMella y las tácticas militares -- _tHimno a Matías Ramón Mella -- _tPoemas dedicadas a Mella -- _tPoesía a Mella -- _tGrito de Redención -- _tVocabulario -- _gBibliografía |
|
| 590 | _aInventariado, 2025/BT | ||
| 600 | 1 | 0 |
_aDuarte, Juan Pablo, _d1813-1876 _91494 |
| 600 | 1 | 0 |
_aSánchez, Francisco del Rosario, _d1817-1861 _97226 |
| 600 | 1 | 0 |
_aMella, Matías Ramón, _d1816-1864 _91264 |
| 651 | 4 |
_aRepública Dominicana _xHistoria _y1844-1930 _91009 |
|
| 700 | 1 |
_aLebrón Saviñon, Mariano, _d1922-2014 _eprologuista _4pr. _97227 |
|
| 910 | _aBtavárez/Validado. Control de Calidad/MAA | ||
| 942 |
_2ddc _cLBS1 |
||
| 999 |
_c59570 _d59570 |
||